000 00541nam a2200193 i 4500
001 14654
003 ES-MaACL
005 20240501063022.0
007 t|
008 990521s1999 sp ||||1| spa d
020 _a84-204-3085-4
080 _a821.134.2-31"19"
100 1 _aZúñiga, Juan Eduardo,
_d1919-2020
_9118516
245 1 0 _aFlores de plomo /
_cJuan Eduardo Zúñiga.
260 _aMadrid :
_bAlfaguara,
_c[1999]
300 _a155 p. ;
_c22 cm.
852 _aES-MaACL
_jL-22019
_bR.127311
999 _c14654
_d14654